Assessment of the Operational and Environmental Efficiency of Agriculture in Latin America and the Caribbean
Meranie prevádzkovej, environmentálnej a jednotnej efektívnosti prostredníctvom analýzy údajov o obaloch (DEA - data envelopment analysis ) pre environmentálne hodnotenie v poľnohospodárskych odvetviach osemnástich krajín LAC. DEA v tejto štúdii hodnotí každú krajinu na základe šiestich premenných:...
Uložené v:
| Hlavný autor: | |
|---|---|
| Ďalší autori: | , |
| Médium: | Kapitola |
| Jazyk: | English |
| Predmet: | |
| Tagy: |
Žiadne tagy, Buďte prvý, kto otaguje tento záznam!
|
MARC
| LEADER | 00000naa a2200000 4500 | ||
|---|---|---|---|
| 001 | 0242387 | ||
| 005 | 20221104110236.2 | ||
| 041 | 0 | |a eng | |
| 044 | |a CZ | ||
| 245 | 1 | 0 | |a Assessment of the Operational and Environmental Efficiency of Agriculture in Latin America and the Caribbean |c Juan-Javier Moreno-Moreno, Francisco Velasco Morente, Maria Teresa Sanz Diaz |
| 520 | |a Meranie prevádzkovej, environmentálnej a jednotnej efektívnosti prostredníctvom analýzy údajov o obaloch (DEA - data envelopment analysis ) pre environmentálne hodnotenie v poľnohospodárskych odvetviach osemnástich krajín LAC. DEA v tejto štúdii hodnotí každú krajinu na základe šiestich premenných: kapitálu, práce, pôdy, spotreby hnojív, hodnoty hrubej poľnohospodárskej produkcie a poľnohospodárskych emisí (CO2). | ||
| 610 | 2 | 0 | |a Latinská Amerika |
| 610 | 2 | 0 | |a Karibská oblasť |
| 610 | 2 | 0 | |a výkonnosť ekonomiky |
| 610 | 2 | 0 | |a poľnohospodárstvo |
| 610 | 2 | 0 | |a poľnohospodárstvo ekologické |
| 610 | 2 | 0 | |a analýza obaľovania dát |
| 610 | 2 | 0 | |a efektívnosť |
| 610 | 2 | 0 | |a analýza komparatívna |
| 100 | 1 | |a Moreno-Moreno, Juan-Javier | |
| 700 | 1 | |a Velasco Morente, Francisco | |
| 700 | 1 | |a Sanz Diaz, Maria Teresa | |